[Event "19. Obert Int. Sant Marti 2017"]
[Site "Barcelona ESP"]
[Date "2017.07.21"]
[Round "9.6"]
[White "Oblitas, Carlomagno"]
[Black "Asis Gargatagli, Hipolito"]
[Result "0-1"]
[WhiteElo "2395"]
[BlackElo "2505"]
[PlyCount "104"]
[EventDate "2017.07.13"]
[EventType "swiss"]
[EventRounds "9"]
[EventCountry "ESP"]
[SourceTitle "Ajedrez en Madrid"]
[Source "lmi"]
[SourceDate "2017.07.13"]
[SourceVersion "1"]
[SourceVersionDate "2019.06.21"]
[SourceQuality "1"]

1. d4 Nf6 2. Nf3 e6 3. g3 b6 4. Bg2 Bb7 5. O-O g6 6. c4 Bg7 7. Nc3 Ne4 8. Nxe4
Bxe4 9. Bg5 Qc8 10. Qd2 h6 11. Be3 d6 12. c5 Nc6 13. cxd6 cxd6 14. Bf4 Qd7 15.
Rfc1 Rd8 16. Be3 Ne7 17. Ne1 Bxg2 18. Nxg2 Nf5 19. Rc2 O-O 20. Rac1 Rc8 21. b3
Rxc2 22. Rxc2 Rc8 23. Rxc8+ Qxc8 24. g4 Nxd4 25. Bxd4 Bxd4 26. h3 Qc5 27. e3
Bf6 28. Nf4 d5 29. Nd3 Qc6 30. Qc1 Qd6 31. f4 Kg7 32. Qc8 e5 33. Qe8 exf4 34.
exf4 Qc7 35. Qe2 Qc3 36. Kg2 Bd4 37. Qd1 Be3 38. h4 d4 39. h5 Qc6+ 40. Kh3 Qe4
41. hxg6 fxg6 42. Qf1 h5 43. gxh5 Qf5+ 44. Kg3 gxh5 45. Kf3 Kf6 46. a4 Qg4+ 47.
Ke4 Qf5+ 48. Kf3 h4 49. b4 Qh5+ 50. Ke4 h3 51. Ne5 Qf5+ 52. Kd5 Bxf4 0-1

[Event "19. Obert Int. Sant Marti 2017"]
[Site "Barcelona ESP"]
[Date "2017.07.21"]
[Round "9.7"]
[White "Peralta, Fernando"]
[Black "Akash Pc, Iyer"]
[Result "1-0"]
[WhiteElo "2564"]
[BlackElo "2300"]
[PlyCount "59"]
[EventDate "2017.07.13"]
[EventType "swiss"]
[EventRounds "9"]
[EventCountry "ESP"]
[SourceTitle "Ajedrez en Madrid"]
[Source "lmi"]
[SourceDate "2017.07.13"]
[SourceVersion "1"]
[SourceVersionDate "2019.06.21"]
[SourceQuality "1"]

1. d4 Nf6 2. c4 e6 3. Nc3 Bb4 4. e3 O-O 5. Bd3 c5 6. Nf3 d5 7. O-O Nc6 8. a3
Ba5 9. h3 dxc4 10. Bxc4 Qe7 11. Qc2 a6 12. Ba2 Bc7 13. Rd1 Bd7 14. dxc5 Qxc5
15. b4 Qe7 16. Ne4 Nxe4 17. Qxe4 Rad8 18. Bb2 Bc8 19. h4 Rxd1+ 20. Rxd1 Rd8 21.
Rc1 f6 22. Bb1 f5 23. Qc4 Kh8 24. a4 Rd7 25. b5 axb5 26. axb5 Na5 27. Qc3 b6
28. Ne5 Bxe5 29. Qxc8+ Rd8 30. Bxe5 1-0

[Event "19. Obert Int. Sant Marti 2017"]
[Site "Barcelona ESP"]
[Date "2017.07.21"]
[Round "9.8"]
[White "Rios, Cristhian Camilo"]
[Black "Kulkarni, Rakesh"]
[Result "1/2-1/2"]
[WhiteElo "2477"]
[BlackElo "2288"]
[PlyCount "53"]
[EventDate "2017.07.13"]
[EventType "swiss"]
[EventRounds "9"]
[EventCountry "ESP"]
[SourceTitle "Ajedrez en Madrid"]
[Source "lmi"]
[SourceDate "2017.07.13"]
[SourceVersion "1"]
[SourceVersionDate "2019.06.21"]
[SourceQuality "1"]

1. d4 Nf6 2. c4 e5 3. dxe5 Ng4 4. e3 Nxe5 5. Nc3 Bc5 6. f4 Nec6 7. Bd3 d6 8. a3
a5 9. Qc2 Nd7 10. Nf3 Nf6 11. Nd5 O-O 12. Nxf6+ Qxf6 13. Bxh7+ Kh8 14. Be4 Re8
15. Bd2 Nd4 16. exd4 Bf5 17. Ne5 dxe5 18. Bxf5 exf4+ 19. Kf1 Bxd4 20. Rb1 Re5
21. Be4 Rae8 22. Bf3 Qh4 23. Bc3 Re3 24. Qd2 Rd3 25. Qc2 Rde3 26. Qd2 Rd3 27.
Qc2 1/2-1/2

[Event "19. Obert Int. Sant Marti 2017"]
[Site "Barcelona ESP"]
[Date "2017.07.21"]
[Round "9.9"]
[White "Ryan, Joseph"]
[Black "Zubritskiy, Artyom"]
[Result "1/2-1/2"]
[WhiteElo "2284"]
[BlackElo "2442"]
[PlyCount "81"]
[EventDate "2017.07.13"]
[EventType "swiss"]
[EventRounds "9"]
[EventCountry "ESP"]
[SourceTitle "Ajedrez en Madrid"]
[Source "lmi"]
[SourceDate "2017.07.13"]
[SourceVersion "1"]
[SourceVersionDate "2019.06.21"]
[SourceQuality "1"]

1. e4 c5 2. Nf3 d6 3. Bb5+ Bd7 4. Bxd7+ Qxd7 5. c4 Nc6 6. d4 cxd4 7. Nxd4 Nf6
8. Nc3 g6 9. b3 Bg7 10. Bb2 O-O 11. O-O Rfe8 12. Re1 e6 13. Qd2 Red8 14. Rad1
Nxd4 15. Qxd4 Nd5 16. Qd2 Nxc3 17. Bxc3 Bxc3 18. Qxc3 Qc6 19. Qf6 b5 20. cxb5
Qxb5 21. e5 Qa5 22. h4 dxe5 23. h5 gxh5 24. Rxd8+ Rxd8 25. Rxe5 Rd5 26. Re3 Rf5
27. Qe7 h6 28. Rg3+ Rg5 29. Rf3 Rf5 30. Rg3+ Rg5 31. Rf3 Rf5 32. Rxf5 exf5 33.
a4 Kg7 34. g3 Qb6 35. b4 Qd4 36. a5 f4 37. gxf4 Qxf4 38. Qxa7 Qg4+ 39. Kh2 Qh4+
40. Kg2 Qg4+ 41. Kh2 1/2-1/2

[Event "19. Obert Int. Sant Marti 2017"]
[Site "Barcelona ESP"]
[Date "2017.07.21"]
[Round "9.11"]
[White "Tissir, Mohamed"]
[Black "Xu, Zhihang"]
[Result "1/2-1/2"]
[WhiteElo "2354"]
[BlackElo "2140"]
[PlyCount "85"]
[EventDate "2017.07.13"]
[EventType "swiss"]
[EventRounds "9"]
[EventCountry "ESP"]
[SourceTitle "Ajedrez en Madrid"]
[Source "lmi"]
[SourceDate "2017.07.13"]
[SourceVersion "1"]
[SourceVersionDate "2019.06.21"]
[SourceQuality "1"]

1. e4 c5 2. Nf3 Nc6 3. d4 cxd4 4. Nxd4 g6 5. Nc3 Bg7 6. Be3 Nf6 7. Bc4 O-O 8.
Bb3 d6 9. h3 Bd7 10. O-O Nxd4 11. Bxd4 b5 12. a3 Bc6 13. Qd3 Qc7 14. Nd5 Bxd5
15. exd5 Qb7 16. Rfe1 Rfc8 17. Rad1 Rc7 18. c3 a6 19. Re2 Re8 20. Qf3 Nd7 21.
h4 h5 22. Qg3 Bxd4 23. Rxd4 Nf6 24. Rf4 Ng4 25. Rxg4 hxg4 26. Qxg4 Qc8 27. Re6
Kg7 28. Bc2 Rh8 29. Bxg6 Rc4 30. Qg5 fxe6 31. dxe6 Rc5 32. Qxe7+ Kxg6 33. Qf7+
Kh6 34. Qf6+ Kh5 35. Qf3+ Kxh4 36. g3+ Kh3 37. Qh1+ Kg4 38. Qe4+ Kg5 39. Qf4+
Kh5 40. Qf3+ Kg6 41. Qf7+ Kh6 42. Qf6+ Kh5 43. Qf3+ 1/2-1/2

[Event "19. Obert Int. Sant Marti 2017"]
[Site "Barcelona ESP"]
[Date "2017.07.21"]
[Round "9.12"]
[White "Smirnov, Artem"]
[Black "Abhishek, Das"]
[Result "1/2-1/2"]
[WhiteElo "2401"]
[BlackElo "2274"]
[PlyCount "85"]
[EventDate "2017.07.13"]
[EventType "swiss"]
[EventRounds "9"]
[EventCountry "ESP"]
[SourceTitle "Ajedrez en Madrid"]
[Source "lmi"]
[SourceDate "2017.07.13"]
[SourceVersion "1"]
[SourceVersionDate "2019.06.21"]
[SourceQuality "1"]

1. e4 c5 2. Be2 Nc6 3. f4 d5 4. d3 e6 5. Nf3 dxe4 6. dxe4 Qxd1+ 7. Bxd1 Nf6 8.
e5 Nd5 9. c3 Be7 10. Na3 a6 11. g3 O-O 12. Nc4 b5 13. Ne3 Nb6 14. Nd2 Bb7 15.
Bf3 c4 16. Ne4 Na4 17. b3 cxb3 18. axb3 Nc5 19. Nxc5 Bxc5 20. Ke2 b4 21. Bb2
bxc3 22. Bxc3 Nd4+ 23. Bxd4 Bxf3+ 24. Kxf3 Bxd4 25. Ra4 Bxe3 26. Kxe3 Rab8 27.
Rb1 Rb6 28. Kd3 g6 29. Kc3 Rc8+ 30. Rc4 Rxc4+ 31. Kxc4 a5 32. Rd1 Rb4+ 33. Kc3
h6 34. Rd8+ Kg7 35. Rc8 Rb5 36. Kc4 Rb4+ 37. Kc3 Rb5 38. h4 g5 39. h5 gxf4 40.
gxf4 f6 41. Rc7+ Kf8 42. exf6 Rxh5 43. Kd4 1/2-1/2

[Event "19. Obert Int. Sant Marti 2017"]
[Site "Barcelona ESP"]
[Date "2017.07.21"]
[Round "9.13"]
[White "Rizouk, Aimen"]
[Black "Priebe, Jan"]
[Result "1-0"]
[WhiteElo "2472"]
[BlackElo "2272"]
[PlyCount "107"]
[EventDate "2017.07.13"]
[EventType "swiss"]
[EventRounds "9"]
[EventCountry "ESP"]
[SourceTitle "Ajedrez en Madrid"]
[Source "lmi"]
[SourceDate "2017.07.13"]
[SourceVersion "1"]
[SourceVersionDate "2019.06.21"]
[SourceQuality "1"]

1. e4 c5 2. Nf3 Nc6 3. d4 cxd4 4. Nxd4 Nf6 5. Nc3 d6 6. Be2 e5 7. Nf3 h6 8. O-O
Be7 9. Re1 O-O 10. h3 Be6 11. Bf1 a6 12. b3 Rc8 13. Bb2 Nb8 14. a4 Qc7 15. Nd2
Nc6 16. Nc4 Nd4 17. a5 Nd7 18. Bd3 Rb8 19. Nd5 Bxd5 20. exd5 Bf6 21. Qg4 g6 22.
Bxd4 exd4 23. Qf4 Kg7 24. Nxd6 Qc5 25. Qg3 Qxd5 26. Nf5+ Kh7 27. Ne7 Qh5 28.
Qd6 Rbd8 29. Nd5 Be5 30. Qb4 Bg7 31. Nf4 Qg5 32. g3 Rb8 33. Qe7 Ne5 34. Qc7
Nf3+ 35. Kg2 Nxe1+ 36. Rxe1 Qd8 37. Qxd8 Rbxd8 38. Re7 Rb8 39. h4 Kg8 40. Bc4
b5 41. Bd5 Rbd8 42. Ra7 g5 43. hxg5 hxg5 44. Ng6 Rxd5 45. Ne7+ Kh7 46. Nxd5 Rc8
47. Rc7 Rd8 48. Nb4 Kg8 49. Nxa6 d3 50. cxd3 Rxd3 51. Nc5 Rd2 52. a6 Ra2 53. a7
Bf8 54. Na4 1-0

[Event "19. Obert Int. Sant Marti 2017"]
[Site "Barcelona ESP"]
[Date "2017.07.21"]
[Round "9.14"]
[White "Larsson, Anders"]
[Black "Perez Mitjans, Orelvis"]
[Result "1-0"]
[WhiteElo "2276"]
[BlackElo "2407"]
[PlyCount "147"]
[EventDate "2017.07.13"]
[EventType "swiss"]
[EventRounds "9"]
[EventCountry "ESP"]
[SourceTitle "Ajedrez en Madrid"]
[Source "lmi"]
[SourceDate "2017.07.13"]
[SourceVersion "1"]
[SourceVersionDate "2019.06.21"]
[SourceQuality "1"]

1. d4 d5 2. Nf3 Nc6 3. Bf4 Bg4 4. e3 e6 5. Be2 Bd6 6. Bg3 Nf6 7. Nbd2 O-O 8.
O-O Bxg3 9. hxg3 Qd6 10. c4 Bxf3 11. Bxf3 a5 12. cxd5 exd5 13. Nb3 Nd7 14. Rc1
Nd8 15. Qc2 c6 16. Nc5 Nxc5 17. Qxc5 Qd7 18. b3 f5 19. a3 Rf6 20. b4 g5 21. b5
g4 22. Bd1 h5 23. bxc6 bxc6 24. Ba4 Qh7 25. Rfd1 Rh6 26. Kf1 h4 27. gxh4 f4 28.
Bc2 Qf7 29. exf4 Rxh4 30. Qd6 Ne6 31. g3 Rh5 32. Bb1 Re8 33. Kg2 Rh3 34. Rh1
Nxd4 35. Bg6 Qe7 36. Qxe7 Rxe7 37. Rxh3 gxh3+ 38. Kxh3 Rc7 39. Bb1 c5 40. Kg2
Nb3 41. Rh1 c4 42. Rh5 Rd7 43. Re5 Rd6 44. Bf5 Nd4 45. Bb1 Nb5 46. Be4 Nc3 47.
Bf3 a4 48. g4 Kf8 49. g5 Nb5 50. Bxd5 Nxa3 51. Be4 Rd4 52. f3 c3 53. f5 c2 54.
Bxc2 Nxc2 55. Ra5 a3 56. f6 Rd5 57. Ra8+ Kf7 58. f4 Rd7 59. Kg3 Kg6 60. Kg4
Ne3+ 61. Kf3 Nc4 62. Kg4 Ne3+ 63. Kf3 Rd3 64. Ke4 Rb3 65. Rg8+ Kf7 66. Rg7+ Kf8
67. Ra7 Nc4 68. g6 Nd6+ 69. Kd5 Ne8 70. Ra8 a2 71. g7+ Kf7 72. Rxe8 Rd3+ 73.
Ke4 Rd4+ 74. Ke3 1-0

[Event "19. Obert Int. Sant Marti 2017"]
[Site "Barcelona ESP"]
[Date "2017.07.21"]
[Round "9.15"]
[White "Fenil, Shah"]
[Black "Vassallo Barroche, Mauricio"]
[Result "1/2-1/2"]
[WhiteElo "2267"]
[BlackElo "2376"]
[PlyCount "194"]
[EventDate "2017.07.13"]
[EventType "swiss"]
[EventRounds "9"]
[EventCountry "ESP"]
[SourceTitle "Ajedrez en Madrid"]
[Source "lmi"]
[SourceDate "2017.07.13"]
[SourceVersion "1"]
[SourceVersionDate "2019.06.21"]
[SourceQuality "1"]

1. e4 g6 2. d4 Bg7 3. Nf3 d6 4. c3 Nf6 5. Bd3 O-O 6. O-O Nc6 7. Re1 e5 8. h3 a6
9. Na3 Nh5 10. Bg5 Qe8 11. Nc2 h6 12. Be3 Qe7 13. a4 Qf6 14. Bf1 Kh7 15. g3 a5
16. Bg2 Qe7 17. Bc1 Nf6 18. Ne3 Qd8 19. dxe5 Nxe5 20. Nd4 Ned7 21. Nd5 Nxd5 22.
exd5 Nc5 23. Be3 Bd7 24. b3 Re8 25. Qc2 Re7 26. Bd2 Rxe1+ 27. Rxe1 Qf8 28. g4
Re8 29. Rxe8 Qxe8 30. Be3 Qe7 31. Qd1 Ne4 32. Qc2 Nf6 33. Qd3 Qe8 34. Qc4 Qd8
35. Nb5 Ne8 36. Nd4 Bf6 37. Qd3 Bg5 38. Nf3 Bxe3 39. Qxe3 Qf6 40. Nd4 Qe5 41.
Qxe5 dxe5 42. Nf3 f6 43. c4 b6 44. Nd2 Nd6 45. Kf1 Kg7 46. Ke2 Nb7 47. Ke3 Nc5
48. f4 exf4+ 49. Kxf4 g5+ 50. Ke3 f5 51. Bf3 h5 52. gxf5 Bxf5 53. Bxh5 Bxh3 54.
Bd1 Bf5 55. Nf1 Kf6 56. Nh2 Bh3 57. Bc2 Bd7 58. Bd1 Bf5 59. Kd4 g4 60. Nxg4+
Bxg4 61. Bxg4 Nxb3+ 62. Ke3 Ke5 63. Bd1 Nc5 64. Bc2 Nb7 65. Bb1 Nd6 66. Bd3 Ne8
67. Be2 Nf6 68. Bf3 Ng8 69. Bg4 Ne7 70. Bh3 Ng6 71. Bg4 Nf4 72. Bf3 Nh3 73. Bd1
Ng5 74. Bc2 Nf7 75. Bb1 Nd6 76. Bd3 Nb7 77. Bb1 Nc5 78. Bc2 Na6 79. Bd1 Nb4 80.
Bb3 Kd6 81. Kd4 c6 82. dxc6 Nxc6+ 83. Kc3 Kc5 84. Bd1 Ne5 85. Be2 Nf7 86. Bf1
Ng5 87. Bg2 Ne6 88. Bf3 Kd6 89. Bd1 Ke5 90. Bb3 Ke4 91. Bc2+ Ke3 92. c5 Nxc5
93. Bd1 Nd3 94. Kc4 Nb2+ 95. Kb5 Nxd1 96. Kxb6 Nc3 97. Kxa5 Nxa4 1/2-1/2

[Event "19. Obert Int. Sant Marti 2017"]
[Site "Barcelona ESP"]
[Date "2017.07.21"]
[Round "9.16"]
[White "Chernyak, Viktoria"]
[Black "Quirhuayo Chumbe, German Gonzalo"]
[Result "0-1"]
[WhiteElo "2251"]
[BlackElo "2376"]
[PlyCount "62"]
[EventDate "2017.07.13"]
[EventType "swiss"]
[EventRounds "9"]
[EventCountry "ESP"]
[SourceTitle "Ajedrez en Madrid"]
[Source "lmi"]
[SourceDate "2017.07.13"]
[SourceVersion "1"]
[SourceVersionDate "2019.06.21"]
[SourceQuality "1"]

1. Nf3 Nf6 2. c4 g6 3. Nc3 Bg7 4. e4 d6 5. d4 O-O 6. Be2 e5 7. Be3 Ng4 8. Bg5
f6 9. Bc1 Nc6 10. d5 Nd4 11. Nxd4 exd4 12. Nb5 f5 13. O-O Ne5 14. exf5 d3 15.
Bxd3 Nxd3 16. Qxd3 Bxf5 17. Qd1 Bd7 18. a4 a6 19. Nd4 Qh4 20. Be3 Rae8 21. Rc1
Be5 22. g3 Qe4 23. Ne6 Rxe6 24. dxe6 Bc6 25. f3 Qxe3+ 26. Kg2 Bxb2 27. Rc2 Bg7
28. a5 Qxe6 29. Qe2 Qxe2+ 30. Rxe2 d5 31. cxd5 Bb5 0-1

[Event "19. Obert Int. Sant Marti 2017"]
[Site "Barcelona ESP"]
[Date "2017.07.21"]
[Round "9.17"]
[White "Mateus, Alejandro"]
[Black "Morales, Jhon Alexander"]
[Result "1-0"]
[WhiteElo "2240"]
[BlackElo "2355"]
[PlyCount "77"]
[EventDate "2017.07.13"]
[EventType "swiss"]
[EventRounds "9"]
[EventCountry "ESP"]
[SourceTitle "Ajedrez en Madrid"]
[Source "lmi"]
[SourceDate "2017.07.13"]
[SourceVersion "1"]
[SourceVersionDate "2019.06.21"]
[SourceQuality "1"]

1. e4 g6 2. d4 Bg7 3. Nc3 c5 4. Nf3 cxd4 5. Nxd4 d6 6. Be2 Nc6 7. Nb3 Nf6 8.
O-O O-O 9. Re1 a6 10. Bg5 b5 11. Bf1 Bb7 12. a4 b4 13. Nd5 Nd7 14. Rb1 Re8 15.
Qd2 a5 16. Bb5 Rb8 17. c3 bxc3 18. bxc3 Kf8 19. Red1 Ba8 20. Nd4 Nxd4 21. cxd4
Bxd5 22. exd5 Qc7 23. Rbc1 Qa7 24. Qe3 Bf6 25. Bxf6 Nxf6 26. Bxe8 Rxe8 27. Qf3
Rb8 28. h3 h5 29. Rc6 Kg7 30. Rc4 Qb7 31. Rc6 Qa7 32. Rc4 Rb4 33. Rxb4 axb4 34.
Qb3 Qa5 35. Ra1 Nxd5 36. Qc4 e6 37. Qb5 Qa8 38. a5 Nf4 39. Qf1 1-0

[Event "19. Obert Int. Sant Marti 2017"]
[Site "Barcelona ESP"]
[Date "2017.07.21"]
[Round "9.18"]
[White "Pinero Fernandez, Xavier"]
[Black "Perpinya Rofes, Lluis Maria"]
[Result "0-1"]
[WhiteElo "2233"]
[BlackElo "2352"]
[PlyCount "88"]
[EventDate "2017.07.13"]
[EventType "swiss"]
[EventRounds "9"]
[EventCountry "ESP"]
[SourceTitle "Ajedrez en Madrid"]
[Source "lmi"]
[SourceDate "2017.07.13"]
[SourceVersion "1"]
[SourceVersionDate "2019.06.21"]
[SourceQuality "1"]

1. d4 g6 2. Bf4 Bg7 3. e3 d6 4. Nf3 Nd7 5. h3 e5 6. Bh2 Ne7 7. Be2 O-O 8. O-O
Nf5 9. c3 e4 10. Ne1 h5 11. Nd2 Re8 12. Nc2 Bh6 13. Re1 Nf6 14. Nf1 Nh7 15. Ng3
Nh4 16. f4 exf3 17. Bxf3 Nxf3+ 18. Qxf3 h4 19. Nh1 Bf5 20. Qd1 Bxc2 21. Qxc2
Bxe3+ 22. Nf2 Nf6 23. Kh1 Qd7 24. Nd3 Nh5 25. Re2 Re7 26. Rae1 Rae8 27. Nb4 c6
28. Qd3 Bf2 29. Rxe7 Rxe7 30. Rxe7 Qxe7 31. Nc2 Qg5 32. Qd1 d5 33. Bg1 Ng3+ 34.
Kh2 Ne4 35. Bxf2 Qf4+ 36. Kg1 Qxf2+ 37. Kh2 Qg3+ 38. Kg1 Nf2 39. Qe1 Nxh3+ 40.
Kh1 Nf2+ 41. Kg1 h3 42. Qe8+ Kg7 43. Qe5+ Qxe5 44. dxe5 Nd3 0-1

[Event "19. Obert Int. Sant Marti 2017"]
[Site "Barcelona ESP"]
[Date "2017.07.21"]
[Round "9.19"]
[White "Ahmed, Sk. Nasir"]
[Black "Arjun, Kalyan"]
[Result "0-1"]
[WhiteElo "2221"]
[BlackElo "2347"]
[PlyCount "56"]
[EventDate "2017.07.13"]
[EventType "swiss"]
[EventRounds "9"]
[EventCountry "ESP"]
[SourceTitle "Ajedrez en Madrid"]
[Source "lmi"]
[SourceDate "2017.07.13"]
[SourceVersion "1"]
[SourceVersionDate "2019.06.21"]
[SourceQuality "1"]

1. c4 e5 2. g3 Nf6 3. Bg2 d5 4. cxd5 Nxd5 5. Nc3 Nb6 6. Nf3 Nc6 7. O-O Be7 8.
Rb1 a5 9. d3 O-O 10. Be3 Be6 11. a3 Nd5 12. Nxd5 Bxd5 13. b4 axb4 14. axb4 b5
15. Qc1 Ra4 16. Bc5 Nxb4 17. Qc3 Na2 18. Qc2 e4 19. Ne5 exd3 20. Qxd3 Bxg2 21.
Qxd8 Rxd8 22. Bxe7 Bxf1 23. Bxd8 Bxe2 24. Bxc7 f6 25. Nd7 Ra7 26. Rb2 Nc3 27.
Bb6 Rxd7 28. Ba5 Bf3 0-1

[Event "19. Obert Int. Sant Marti 2017"]
[Site "Barcelona ESP"]
[Date "2017.07.21"]
[Round "9.20"]
[White "Vignesh, B."]
[Black "Escalante Ramirez, Brian Sebas"]
[Result "0-1"]
[WhiteElo "2124"]
[BlackElo "2340"]
[PlyCount "178"]
[EventDate "2017.07.13"]
[EventType "swiss"]
[EventRounds "9"]
[EventCountry "ESP"]
[SourceTitle "Ajedrez en Madrid"]
[Source "lmi"]
[SourceDate "2017.07.13"]
[SourceVersion "1"]
[SourceVersionDate "2019.06.21"]
[SourceQuality "1"]

1. e4 c5 2. Nf3 d6 3. Bb5+ Bd7 4. Bxd7+ Qxd7 5. O-O Nc6 6. c3 Nf6 7. Re1 e6 8.
d4 cxd4 9. cxd4 d5 10. e5 Ne4 11. Nbd2 Nxd2 12. Bxd2 Be7 13. Rc1 O-O 14. Rc3
Rfc8 15. a3 Bd8 16. Rd3 a5 17. Ng5 h6 18. Nh3 Ne7 19. g4 Qb5 20. Bc3 Qc4 21.
Ree3 b5 22. Qe1 Qa4 23. Nf4 Nc6 24. Qb1 Bg5 25. Rf3 Bxf4 26. Rxf4 Nxe5 27. Re3
Ng6 28. Rxf7 Kxf7 29. Rf3+ Kg8 30. Qxg6 Rf8 31. Qxe6+ Kh8 32. Qxd5 b4 33. axb4
axb4 34. b3 Qa3 35. Rxf8+ Rxf8 36. Bd2 Qa1+ 37. Kg2 Qd1 38. Bxb4 Qxg4+ 39. Kf1
Rf5 40. Qa8+ Kh7 41. Bd6 h5 42. Be5 h4 43. f4 Qd1+ 44. Kf2 Qd2+ 45. Kf1 Qxh2
46. Qg2 Rxf4+ 47. Bxf4 Qxf4+ 48. Qf2 Qe4 49. Kg1 g5 50. Kh2 Kg6 51. b4 Qe7 52.
Qf3 Qd6+ 53. Kh3 Qxd4 54. Qc6+ Kf7 55. Qc7+ Ke8 56. Qa5 Qd7+ 57. Kh2 Qd6+ 58.
Kh1 Qd1+ 59. Kh2 Qe2+ 60. Kh1 Qf1+ 61. Kh2 Qf2+ 62. Kh1 Qf3+ 63. Kg1 Qe3+ 64.
Kh2 Qg3+ 65. Kh1 h3 66. Qa8+ Kd7 67. Qd5+ Ke7 68. Qe4+ Kd6 69. b5 g4 70. Qd4+
Ke6 71. Qe4+ Kd7 72. Qc6+ Kd8 73. Qd5+ Kc8 74. Qe6+ Kb8 75. Qb6+ Kc8 76. Qe6+
Kd8 77. Qd5+ Ke7 78. Qe4+ Kf6 79. Qd4+ Kf5 80. Qd7+ Ke4 81. Qc6+ Kd4 82. Qd7+
Kc4 83. Qc6+ Kb4 84. b6 Qe1+ 85. Kh2 Qf2+ 86. Kh1 Qf1+ 87. Kh2 Qf4+ 88. Kg1 g3
89. Qc2 Qe3+ 0-1

[Event "19. Obert Int. Sant Marti 2017"]
[Site "Barcelona ESP"]
[Date "2017.07.21"]
[Round "9.21"]
[White "Dhulipalla, Bala Chandra Prasad"]
[Black "Moksh, Amit Doshi"]
[Result "1-0"]
[WhiteElo "2335"]
[BlackElo "2154"]
[PlyCount "61"]
[EventDate "2017.07.13"]
[EventType "swiss"]
[EventRounds "9"]
[EventCountry "ESP"]
[SourceTitle "Ajedrez en Madrid"]
[Source "lmi"]
[SourceDate "2017.07.13"]
[SourceVersion "1"]
[SourceVersionDate "2019.06.21"]
[SourceQuality "1"]

1. d4 Nf6 2. Bf4 d5 3. e3 c5 4. c3 Nc6 5. Nd2 e6 6. Ngf3 Bd6 7. Bg3 O-O 8. Bd3
b6 9. Qe2 Bb7 10. Rd1 Re8 11. e4 Be7 12. e5 Nh5 13. a3 g6 14. h4 f5 15. Qe3 Kg7
16. Rh3 h6 17. Bf4 Rh8 18. Nf1 Kf7 19. Bxh6 c4 20. Be2 Ke8 21. Ng3 Kd7 22. Nxh5
gxh5 23. Bxc4 dxc4 24. d5 exd5 25. Rxd5+ Kc7 26. Rxd8 Raxd8 27. Nd4 Nxd4 28.
cxd4 Rd5 29. Bg5 Bxg5 30. hxg5 Rhd8 31. Rh4 1-0

[Event "19. Obert Int. Sant Marti 2017"]
[Site "Barcelona ESP"]
[Date "2017.07.21"]
[Round "9.22"]
[White "Rodriguez Alvarez, Vidal"]
[Black "Gonzales, Jayson"]
[Result "1/2-1/2"]
[WhiteElo "2214"]
[BlackElo "2399"]
[PlyCount "79"]
[EventDate "2017.07.13"]
[EventType "swiss"]
[EventRounds "9"]
[EventCountry "ESP"]
[SourceTitle "Ajedrez en Madrid"]
[Source "lmi"]
[SourceDate "2017.07.13"]
[SourceVersion "1"]
[SourceVersionDate "2019.06.21"]
[SourceQuality "1"]

1. Nf3 g6 2. e4 Bg7 3. d4 d6 4. c4 Nc6 5. Be2 Bg4 6. Nbd2 Nf6 7. d5 Nb8 8. e5
dxe5 9. Nxe5 Bxe2 10. Qxe2 O-O 11. O-O Qc8 12. Ndf3 e6 13. dxe6 Qxe6 14. Re1
Nc6 15. Nxc6 Qxc6 16. Bf4 Nh5 17. Be5 Rfe8 18. Qc2 f6 19. Bg3 Rad8 20. Rad1 Bf8
21. Rxe8 Rxe8 22. Nd4 Qc5 23. Nb3 Qb4 24. Kf1 Nxg3+ 25. hxg3 f5 26. a3 Qe7 27.
Nd4 Bg7 28. Nf3 Qe4 29. Ne1 Qxc2 30. Nxc2 Re7 31. b3 Kf7 32. Ne3 Bh6 33. Nd5
Rd7 34. Nc3 Rxd1+ 35. Nxd1 Bf8 36. a4 Bc5 37. Ke2 Ke6 38. f4 c6 39. Nb2 Bd4 40.
Nd3 1/2-1/2

[Event "19. Obert Int. Sant Marti 2017"]
[Site "Barcelona ESP"]
[Date "2017.07.21"]
[Round "9.23"]
[White "Mendonca, Leon Luke"]
[Black "Grafl, Florian"]
[Result "1/2-1/2"]
[WhiteElo "2222"]
[BlackElo "2374"]
[PlyCount "153"]
[EventDate "2017.07.13"]
[EventType "swiss"]
[EventRounds "9"]
[EventCountry "ESP"]
[SourceTitle "Ajedrez en Madrid"]
[Source "lmi"]
[SourceDate "2017.07.13"]
[SourceVersion "1"]
[SourceVersionDate "2019.06.21"]
[SourceQuality "1"]

1. d4 b6 2. c4 Bb7 3. Nc3 e6 4. e3 f5 5. Qc2 Nf6 6. a3 a5 7. f3 Nh5 8. Bd3 g6
9. Qf2 Be7 10. Nge2 Bh4 11. g3 Bf6 12. Bd2 Nc6 13. O-O-O a4 14. Kb1 Na5 15. Nc1
O-O 16. Rhf1 Bg7 17. Qe2 Nf6 18. e4 Nc6 19. Be3 e5 20. d5 Nd4 21. Bxd4 exd4 22.
Nb5 Ne8 23. e5 c6 24. Nxd4 cxd5 25. cxd5 Qe7 26. f4 Bxd5 27. Bc4 Bxc4 28. Qxc4+
Qf7 29. Qxf7+ Rxf7 30. Nb5 Bf8 31. Rd5 Ra5 32. Rfd1 d6 33. Nxd6 Rxd5 34. Rxd5
Nxd6 35. exd6 Rd7 36. Ne2 Rxd6 37. Rxd6 Bxd6 38. Nc3 Bc5 39. Kc2 Kf7 40. Nxa4
Bg1 41. Nc3 Ke6 42. Ne2 Bf2 43. Kd3 Kd5 44. Nc3+ Kc6 45. Kc4 h5 46. Nb5 h4 47.
Nd4+ Kd6 48. gxh4 Bxh4 49. b4 Bf2 50. Nf3 Be3 51. Kb5 Bxf4 52. Kxb6 g5 53. h3
Kd5 54. a4 Ke4 55. Ne1 Bd2 56. Nc2 Kd3 57. a5 Kxc2 58. a6 g4 59. hxg4 fxg4 60.
Kb7 Be3 61. b5 g3 62. b6 Bxb6 63. Kxb6 g2 64. a7 g1=Q+ 65. Kb7 Qg7+ 66. Kb8
Qf8+ 67. Kb7 Qe7+ 68. Kb8 Qd8+ 69. Kb7 Qd7+ 70. Kb8 Qb5+ 71. Kc7 Qd5 72. Kb8
Qd6+ 73. Kb7 Qb4+ 74. Kc8 Qa5 75. Kb8 Qb6+ 76. Ka8 Qxa7+ 77. Kxa7 1/2-1/2

[Event "19. Obert Int. Sant Marti 2017"]
[Site "Barcelona ESP"]
[Date "2017.07.21"]
[Round "9.24"]
[White "Karim, Ismael"]
[Black "Franco Valencia, Angela"]
[Result "1-0"]
[WhiteElo "2361"]
[BlackElo "2214"]
[PlyCount "127"]
[EventDate "2017.07.13"]
[EventType "swiss"]
[EventRounds "9"]
[EventCountry "ESP"]
[SourceTitle "Ajedrez en Madrid"]
[Source "lmi"]
[SourceDate "2017.07.13"]
[SourceVersion "1"]
[SourceVersionDate "2019.06.21"]
[SourceQuality "1"]

1. e4 c5 2. Nf3 d6 3. d4 cxd4 4. Nxd4 Nf6 5. Nc3 a6 6. Be2 e5 7. Nb3 Be7 8. Be3
Be6 9. Nd5 Nxd5 10. exd5 Bf5 11. Qd2 a5 12. a4 O-O 13. O-O h6 14. f4 e4 15. c4
Bf6 16. g4 Bd7 17. c5 Be7 18. cxd6 Bxd6 19. Nc5 Bxc5 20. Bxc5 Re8 21. Qe3 Qh4
22. Qg3 Qxg3+ 23. hxg3 Na6 24. Rfc1 Nxc5 25. Rxc5 Rec8 26. Rac1 Rxc5 27. Rxc5
Bxa4 28. Kf2 b6 29. Rc7 Rd8 30. Bc4 b5 31. Ba2 b4 32. Bc4 Bd1 33. Ke3 a4 34.
Rb7 a3 35. Rxb4 axb2 36. Rxb2 Bf3 37. Rb7 Rd6 38. Rb8+ Kh7 39. Re8 Rb6 40. Kd4
Rb1 41. d6 Rd1+ 42. Kc5 Kg6 43. Bd5 Rc1+ 44. Kb6 Rb1+ 45. Kc5 Rc1+ 46. Bc4 Rd1
47. Re7 f6 48. f5+ Kh7 49. Bf7 h5 50. Bxh5 Re1 51. Kb6 e3 52. d7 Rb1+ 53. Kc5
Rc1+ 54. Kd6 Rd1+ 55. Kc7 Rc1+ 56. Kb6 Rb1+ 57. Kc5 Rc1+ 58. Kb4 Rb1+ 59. Kc3
Rc1+ 60. Kb2 Rd1 61. Rxe3 Bc6 62. g5 Rd2+ 63. Kc3 Rxd7 64. Bg6+ 1-0